|
|
|
|
| LEADER |
00000nam0a2200000 4500 |
| 001 |
243726 |
| 005 |
20231101232007.0 |
| 010 |
|
|
|a 525000332X
|
| 020 |
|
|
|a RU
|b 90-1970
|
| 035 |
|
|
|a (RuTPU)RU\TPU\book\265078
|
| 090 |
|
|
|a 243726
|
| 100 |
|
|
|a 20131005d1989 m a0rusy5003 ca
|
| 101 |
0 |
|
|a rus
|
| 102 |
|
|
|a RU
|
| 105 |
|
|
|a y z 001zy
|
| 200 |
1 |
|
|a Ультиматум
|e ядерная война и безъядерный мир в фантазиях и реальности
|f В. Гаков
|
| 210 |
|
|
|a Москва
|c Политиздат
|d 1989
|
| 215 |
|
|
|a 350 с.
|c ил.
|d 21 см
|
| 320 |
|
|
|a Библиогр. в примеч.: с. 338-346.
|
| 606 |
1 |
|
|a Ядерное оружие
|x Нераспространение
|2 stltpush
|3 (RuTPU)RU\TPU\subj\21589
|9 46550
|
| 610 |
1 |
|
|a ядерная война
|
| 610 |
1 |
|
|a война
|
| 610 |
1 |
|
|a научно-фантастическая литература
|
| 610 |
1 |
|
|a предотвращение
|
| 610 |
1 |
|
|a ядерные катастрофы
|
| 610 |
1 |
|
|a мир
|
| 610 |
1 |
|
|a 20 век
|
| 700 |
|
1 |
|a Гаков
|b В.
|4 070
|
| 801 |
|
0 |
|a RU
|b RuMRKP
|c 19950417
|g psbo
|
| 801 |
|
1 |
|a RU
|b 63413507
|c 20131005
|
| 801 |
|
2 |
|a RU
|b 63413507
|c 20131008
|g RCR
|
| 942 |
|
|
|c BK
|